Speaking of sound: language and the professionalization of sound-recording engineers (Record no. 63582)

000 -LEADER
fixed length control field 00448pab a2200157 454500
008 - FIXED-LENGTH DATA ELEMENTS--GENERAL INFORMATION
fixed length control field 180718b2004 xxu||||| |||| 00| 0 eng d
100 ## - MAIN ENTRY--PERSONAL NAME
Personal name Porcello, Thomas
245 ## - TITLE STATEMENT
Title Speaking of sound: language and the professionalization of sound-recording engineers
260 ## - PUBLICATION, DISTRIBUTION, ETC.
Date of publication, distribution, etc. 2004
300 ## - PHYSICAL DESCRIPTION
Extent p.733-58.
362 ## - DATES OF PUBLICATION AND/OR SEQUENTIAL DESIGNATION
Dates of publication and/or sequential designation Oct
650 ## - SUBJECT ADDED ENTRY--TOPICAL TERM
Topical term or geographic name entry element Phono records and the arts
650 ## - SUBJECT ADDED ENTRY--TOPICAL TERM
Topical term or geographic name entry element Sound recordings
773 ## - HOST ITEM ENTRY
Main entry heading Social Studies of Science
909 ## -
-- 63582
Holdings
Withdrawn status Lost status Damaged status Not for loan Permanent Location Current Location Date acquired Serial Enumeration / chronology Barcode Date last seen Price effective from Koha item type
        Indian Institute of Public Administration Indian Institute of Public Administration 2018-07-19 Volume no: 34, Issue no: 5 AR64032 2018-07-19 2018-07-19 Articles

Powered by Koha